000
00216 a2200097 4500
001
43789
100
_a
Bigge
245
_a
Learning theories for teachers
260
_a
New York
_b
Harper Row
_c
090
_c
27549
_d
27549
942
_a
NUST-CAE
_c
M
_c
19501
999
_c
278862
_d
278862